[Event "VII Ugra Governor's Cup"]
[Site "Khanty-Mansiysk RUS"]
[Date "2011.09.06"]
[Round "7"]
[White "Fedorov,Alex"]
[Black "Kotsur,P"]
[Result "1/2-1/2"]
[WhiteElo "2598"]
[BlackElo "2558"]

1.e4 e6 2.d4 d5 3.Nc3 Nf6 4.e5 Nfd7 5.f4 c5 6.Nf3 a6 7.Be3 b5 8.Qd2 Nc6 9.Be2 Be7
10.O-O O-O 11.a3 Qb6 12.Nd1 a5 13.c3 a4 14.Bf2 Na5 15.Qe1 f5 16.Kh1 cxd4
17.Bxd4 Nc5 18.Bg1 Nc4 19.Rb1 Bd7 20.Ne3 Qd8 21.Nd4 Ne4 22.Nxc4 bxc4 23.g4 g6
24.Be3 Bc5 25.Nc2 Be7 26.Nd4 Bc5 27.Nc2 Be7 28.Nd4  1/2-1/2

[Event "Paignton Ron Bruce Premier"]
[Site "Paignton ENG"]
[Date "2011.09.07"]
[Round "4"]
[White "McKenna,Jas"]
[Black "Dilleigh,S"]
[Result "1/2-1/2"]
[WhiteElo "2104"]
[BlackElo "2062"]

1.e4 e6 2.d4 d5 3.Nc3 Nf6 4.e5 Nfd7 5.f4 c5 6.Nf3 Nc6 7.Be3 Be7 8.Qd2 O-O
9.Be2 b6 10.O-O f6 11.dxc5 Nxc5 12.Bb5 Bb7 13.exf6 Bxf6 14.Bxc6 Bxc6 15.Bd4 Ne4
16.Qe3 Rc8 17.Nxe4 dxe4 18.Ne5 Bb7 19.c3 Qe7 20.Rad1 Rcd8 21.b3 Bxe5 22.Bxe5 Rxd1
23.Rxd1 Rd8 24.Rxd8+ Qxd8 25.Qd4 Qxd4+ 26.Bxd4 h5 27.a4 Kf7 28.Kf2 e3+ 29.Bxe3 Be4
30.a5 bxa5 31.Bxa7 Bc2 32.Bb6 Bxb3 33.Bxa5 Ke7 34.Ke3 Kd6 35.Kd4 Bd5 36.g3 Bf3
37.Bb4+ Kc6 38.Ke5 Bg4 39.Bf8 g6 40.Kf6 Bf5 41.Kg5 Kd5 42.Bg7 Kc4 43.Kh4 Kd5
44.h3 Kc4 45.g4 hxg4 46.hxg4 Bd3 47.Kg5 Be2 48.Be5  1/2-1/2

[Event "Yuzhny Open"]
[Site "Yuzhny UKR"]
[Date "2011.09.07"]
[Round "8.24"]
[White "Andrenko,I"]
[Black "Krupko,A"]
[Result "1/2-1/2"]
[WhiteElo "2231"]
[BlackElo "2232"]

1.e4 e6 2.d4 d5 3.Nc3 Nf6 4.e5 Nfd7 5.f4 c5 6.Nf3 Nc6 7.Be3 Qb6 8.Na4 Qa5+
9.c3 cxd4 10.b4 Nxb4 11.cxb4 Bxb4+ 12.Bd2 Bxd2+ 13.Nxd2 O-O 14.Be2 d3 15.Bxd3 Qb4
16.Rf1 b5 17.Qc2 Qxa4 18.Bxh7+ Kh8 19.Qd3 g6 20.Bxg6 Kg7 21.Bh5 Rh8 22.Be2 Ba6
23.f5 Qh4+ 24.g3 Qxh2 25.fxe6 Nxe5 26.Qe3 f6 27.Qa3 Rac8 28.Qe7+ Kg8 29.Qxf6 Qxg3+
30.Kd1 Qg7 31.Qxg7+ Kxg7 32.a4 Rc7 33.axb5 Bc8 34.Ra3 Rh6 35.Rf5 Rxe6 36.Rg3+ Rg6
37.Rxg6+ Nxg6 38.Rxd5 Nf4 39.Rg5+ Kh6 40.Re5 Nxe2  1/2-1/2

[Event "5th ch-Euro IBCA"]
[Site "Rhodes GRE"]
[Date "2011.09.08"]
[Round "3.5"]
[White "Stachanczyk,J"]
[Black "Zoltek,T"]
[Result "1/2-1/2"]
[WhiteElo "2286"]
[BlackElo "2169"]

1.e4 e6 2.d4 d5 3.Nc3 Nf6 4.e5 Nfd7 5.f4 c5 6.Nf3 Nc6 7.Be3 cxd4 8.Nxd4 Bc5
9.Qd2 O-O 10.O-O-O a6 11.Nb3 Bxe3 12.Qxe3 b5 13.Bd3 b4 14.Na4 a5 15.Qh3 g6
16.Qh6 Ba6 17.Nac5 Nxc5 18.Nxc5 Bc8 19.h4 Ra7 20.h5 Qe7 21.hxg6 fxg6 22.Bxg6 Qg7
23.Bd3 Qxh6 24.Rxh6 Rxf4 25.Nxe6 Rg4 26.Rf1 Bxe6 27.Rxe6 Ne7 28.Bxh7+ Kxh7
29.Rf7+ Rg7 30.Rf2 Rg6 31.Rf7+ Rg7 32.Rf2 Rg6  1/2-1/2

[Event "Yuzhny Open"]
[Site "Yuzhny UKR"]
[Date "2011.09.08"]
[Round "9.7"]
[White "Kalinina,O"]
[Black "Mischuk,D"]
[Result "0-1"]
[WhiteElo "2288"]
[BlackElo "2301"]

1.e4 e6 2.d4 d5 3.Nc3 Nf6 4.e5 Nfd7 5.f4 c5 6.Nf3 Nc6 7.Be3 a6 8.Qd2 b5 9.a3 g5
10.fxg5 cxd4 11.Nxd4 Ndxe5 12.Be2 Bg7 13.h4 Qa5 14.O-O Qc7 15.Rae1 O-O 16.Rf6 Kh8
17.Kh1 Bb7 18.Ref1 Rad8 19.Nxc6 Nxc6 20.Bc5 Ne7 21.b4 Nf5 22.R6xf5 exf5 23.Bd4 Rc8
24.Rxf5 Qg3 25.Bxg7+ Kxg7 26.Qd4+ Kg8 27.Rf3 Qe1+ 28.Bf1 Rc4 29.Qb6 Rxc3
30.Rxc3 Qxf1+ 31.Kh2 Qf4+ 32.Rg3 Bc8 33.Qh6 Re8  0-1

[Event "2nd Zlatni Rat Open"]
[Site "Bol CRO"]
[Date "2011.09.10"]
[Round "1.19"]
[White "Milicic,D"]
[Black "Sadilek,P"]
[Result "0-1"]
[WhiteElo "1482"]
[BlackElo "2235"]

1.e4 e6 2.d4 d5 3.Nc3 Nf6 4.e5 Nfd7 5.f4 c5 6.Nf3 Nc6 7.Be2 cxd4 8.Nxd4 Nxd4
9.Qxd4 Bc5 10.Qd3 f6 11.Be3 fxe5 12.fxe5 Bxe3 13.Qxe3 O-O 14.O-O-O Qc7 15.Rhf1 Rxf1
16.Rxf1 Qxe5 17.Qf3 Nf6 18.g4 Bd7 19.h4 d4 20.Nd1 Bc6 21.Qf4 Qxe2 22.Qf2 Qxf2
23.Rxf2 e5 24.g5 Ng4 25.Rf5 Rf8 26.Rxf8+ Kxf8 27.b3 e4 28.Nb2 Ne5 29.h5 e3
30.Kd1 Bf3+ 31.Ke1 Bxh5 32.Na4 d3 33.cxd3 Nxd3+  0-1

[Event "8th LGA Premium Cup"]
[Site "Nuernberg GER"]
[Date "2011.09.10"]
[Round "5.76"]
[White "Bolduan,S"]
[Black "Madlo Thiess,F"]
[Result "1-0"]
[WhiteElo "2164"]
[BlackElo "1897"]

1.e4 e6 2.d4 d5 3.Nc3 Nf6 4.e5 Nfd7 5.f4 c5 6.Nf3 Nc6 7.Be3 a6 8.Qd2 b5 9.a3 Qa5
10.Ra2 Qb6 11.Nd1 a5 12.c3 Ba6 13.Bd3 b4 14.axb4 cxb4 15.O-O Bxd3 16.Qxd3 a4
17.f5 b3 18.Ra1 Qa6 19.Qb1 exf5 20.Qxf5 Ne7 21.Qh3 f6 22.exf6 gxf6 23.Qh5+ Kd8
24.Nh4 Qd3 25.Nf5 Ra5 26.Nd6 Kc7 27.Ne8+ Kd8 28.Nd6 Kc7 29.Bf4 Ng6 30.Nf7+ Nxf4
31.Rxf4 Rg8 32.Rf5 Qe4 33.g3 Qe6 34.Nf2 a3 35.bxa3 Rxa3 36.Rb1 Nb6 37.g4 Na4
38.Rxd5 b2 39.Nd8 Qe2 40.Qf5 Nb6 41.Qf4+ Kc8 42.Qf5+ Kb8 43.Rb5 Bc5 44.R5xb2  1-0

[Event "ch-Euro Youth b18"]
[Site "Albena BUL"]
[Date "2011.09.11"]
[Round "1.8"]
[White "Petrovski,I"]
[Black "Arribas Lopez,A"]
[Result "0-1"]
[WhiteElo "2215"]
[BlackElo "2440"]

1.e4 e6 2.d4 d5 3.Nc3 Nf6 4.e5 Nfd7 5.f4 c5 6.Nf3 Qb6 7.Be3 a6 8.Na4 Qa5+
9.c3 cxd4 10.b4 Qc7 11.Bxd4 Nc6 12.a3 Be7 13.Nb2 O-O 14.Bd3 Nxd4 15.cxd4 Qc3+
16.Qd2 Qxd2+ 17.Nxd2 a5 18.b5 a4 19.Bc2 Nb6 20.Nb1 f6 21.Nc3 fxe5 22.fxe5 Bd7
23.Bd3 Rfc8 24.Ne2 Ra5 25.Nf4 Rc3  0-1

[Event "ch-Euro Youth b16"]
[Site "Albena BUL"]
[Date "2011.09.11"]
[Round "1.19"]
[White "Bagi,M"]
[Black "Elbaum,Almog"]
[Result "1-0"]
[WhiteElo "2309"]
[BlackElo "2051"]

1.e4 e6 2.d4 d5 3.Nc3 Nf6 4.e5 Nfd7 5.f4 c5 6.Nf3 Nc6 7.Be3 cxd4 8.Nxd4 Bc5
9.Qd2 O-O 10.O-O-O a6 11.Qf2 Nxd4 12.Bxd4 Qc7 13.Bd3 Bxd4 14.Qxd4 b5 15.h4 Rb8
16.Kb1 b4 17.Ne2 a5 18.h5 Nc5 19.h6 g6 20.g4 Bd7 21.Qe3 Rfc8 22.Nd4 Re8 23.Rhe1 Kh8
24.f5 exf5 25.gxf5 Nxd3 26.cxd3 Rb6 27.Rc1 Qb8 28.Qg5 Qd8 29.Qxd8 Rxd8 30.e6 Be8
31.Rc7 Kg8 32.fxg6 hxg6 33.exf7+ Bxf7 34.Rf1 Be6 35.Rf6 Re8 36.Rg7+ Kh8 37.Rgxg6 Bf5
38.Rxb6 Bxd3+ 39.Kc1  1-0

[Event "2nd Zlatni Rat Open"]
[Site "Bol CRO"]
[Date "2011.09.11"]
[Round "2.13"]
[White "Zelic,Ml"]
[Black "Peric,Mij"]
[Result "1-0"]
[WhiteElo "2264"]
[BlackElo "1954"]

1.e4 e6 2.d4 d5 3.Nc3 Nf6 4.e5 Nfd7 5.f4 Bb4 6.Nf3 c5 7.Bd3 Nc6 8.O-O cxd4
9.Ne2 Qb6 10.Kh1 Nc5 11.f5 Nxd3 12.cxd3 Bd7 13.Nf4 Be7 14.f6 gxf6 15.exf6 Bxf6
16.Nh5 Be7 17.Ng5 Ne5 18.Qe2 Ng6 19.Ng7+ Kf8 20.N7xe6+ Bxe6 21.Nxe6+ Kg8
22.Nf4 Qd6 23.Qf2 Bf6 24.Nh5  1-0

[Event "ch-Euro Youth b16"]
[Site "Albena BUL"]
[Date "2011.09.12"]
[Round "2.21"]
[White "Doros,R"]
[Black "Nadirashvili,S"]
[Result "1/2-1/2"]
[WhiteElo "2338"]
[BlackElo "2035"]

1.e4 e6 2.d4 d5 3.Nc3 Nf6 4.e5 Nfd7 5.f4 c5 6.Nf3 Nc6 7.Be3 a6 8.Qd2 b5 9.a3 Be7
10.Be2 O-O 11.O-O Qb6 12.Rad1 b4 13.Na4 Qa5 14.Nxc5 Nxc5 15.dxc5 Bxc5 16.axb4 Qxb4
17.Bxc5 Qxc5+ 18.Kh1 Ne7 19.Bd3 a5 20.Ra1 Bd7 21.Qe2 Rab8 22.c3  1/2-1/2

[Event "WGM Pancevo"]
[Site "Pancevo SRB"]
[Date "2011.09.12"]
[Round "4.3"]
[White "Videnova,I"]
[Black "Benderac,A"]
[Result "1-0"]
[WhiteElo "2314"]
[BlackElo "2311"]

1.e4 e6 2.d4 d5 3.Nc3 Nf6 4.e5 Nfd7 5.f4 c5 6.Nf3 a6 7.Be3 Nc6 8.Qd2 b5 9.a3 Qb6
10.Ne2 Bb7 11.dxc5 Bxc5 12.Ned4 Nxd4 13.Nxd4 f6 14.b4 Bxd4 15.Bxd4 Qc7 16.Be2 fxe5
17.fxe5 O-O 18.Qe3 Rf7 19.Bd3 Nb8 20.Qh3 g6 21.Kd2 Nc6 22.Qe3 Nxd4 23.Qxd4 Qe7
24.h4 Bc6 25.Raf1 Qa7 26.Ke3 Qxd4+ 27.Kxd4 Rc8 28.Rxf7 Kxf7 29.h5 Kg7 30.hxg6 hxg6
31.Rf1 Be8 32.c3 Rc6 33.g3 Rb6 34.Ra1 Rc6 35.a4 Rb6 36.axb5 Bxb5 37.Bxb5 axb5
38.Kc5 Rb8 39.Ra7+ Kh6 40.Kd6 Kg5 41.Kxe6 Rc8 42.Kxd5 Rxc3 43.e6 Rxg3 44.Rf7 Re3
45.e7 Kh6 46.Kd6 Re4 47.Rf8  1-0

[Event "2nd Zlatni Rat Open"]
[Site "Bol CRO"]
[Date "2011.09.13"]
[Round "5.1"]
[White "Brkic,A"]
[Black "Tratar,M"]
[Result "1/2-1/2"]
[WhiteElo "2606"]
[BlackElo "2477"]

1.e4 e6 2.d4 d5 3.Nc3 Nf6 4.e5 Nfd7 5.f4 c5 6.Nf3 Nc6 7.Be3 Be7 8.Be2 O-O
9.O-O b6 10.Qe1 f5 11.exf6 Nxf6 12.Bb5 Nb4 13.Rc1 a6 14.Be2 Ng4 15.Bd2 Nc6
16.Nd1 Nf6 17.c3 Ne4 18.Bd3 Nxd2 19.Qxd2 Bf6 20.Bb1 Qd6 21.Nf2 g6 22.h4 Bd7
23.Ng4 Bg7 24.Nfe5 Qe7 25.Nxc6 Bxc6 26.g3 Bb5 27.Rfe1 cxd4 28.cxd4 Rac8 29.Rcd1 a5
30.a3 Ba4 31.Rc1 Qd7 32.Rc3 Rxc3 33.bxc3 Qd6 34.h5 Be8 35.hxg6 Bxg6 36.Bxg6 hxg6
37.Qd3 Kf7 38.Re5 Bf6 39.a4 Kg7 40.Qe3 Kf7 41.Nxf6 Kxf6 42.g4 Rh8 43.f5 gxf5
44.gxf5 exf5 45.Qf3 Qd7 46.Rxd5 Qg7+ 47.Kf1 Qg5 48.Re5 Qc1+ 49.Re1 Qd2 50.d5 Rh4
51.Re6+ Kg5 52.Qg2+ Qxg2+ 53.Kxg2 Rxa4 54.Kf3 Rc4 55.Rc6 Rf4+ 56.Ke2 b5 57.d6 Kf6
58.d7+ Ke7 59.Rd6 Kd8 60.Rd5 b4 61.Rxa5 bxc3 62.Rc5 Kxd7  1/2-1/2

[Event "ch-Euro Youth g16"]
[Site "Albena BUL"]
[Date "2011.09.14"]
[Round "4.9"]
[White "Gelip,I"]
[Black "Baraeva,M"]
[Result "0-1"]
[WhiteElo "1964"]
[BlackElo "2199"]

1.e4 e6 2.d4 d5 3.Nc3 Nf6 4.e5 Nfd7 5.f4 a6 6.Nf3 c5 7.Be3 Nc6 8.Qd2 b5 9.a3 Bb7
10.Be2 Qb6 11.O-O cxd4 12.Nxd4 Bc5 13.Rad1 O-O 14.Bf2 Rac8 15.Nf3 Na5 16.Bd3 f6
17.Qe2 Nc4 18.Bxc4 Bxf2+ 19.Rxf2 Rxc4 20.g3 fxe5 21.Nxe5 Nxe5 22.Qxe5 Rf5
23.Qe2 d4 24.Ne4 Qc6 25.Re1 Rfc5 26.b4 Rxc2 27.Qd3 Rc1 28.Re2 Rxe1+ 29.Rxe1 Rc1
30.Rxc1 Qxc1+ 31.Kf2 Qh1 32.Ng5 Qxh2+ 33.Ke1 Bd5 34.Qxd4 Qxg3+ 35.Ke2 h6
36.Ne4 Qxf4  0-1

[Event "ch-Euro Youth b14"]
[Site "Albena BUL"]
[Date "2011.09.15"]
[Round "5.8"]
[White "Beerdsen,Thomas"]
[Black "Ali Marandi,C"]
[Result "0-1"]
[WhiteElo "2019"]
[BlackElo "2257"]

1.e4 e6 2.d4 d5 3.Nc3 Nf6 4.e5 Nfd7 5.f4 c5 6.Nf3 Nc6 7.Be3 Be7 8.Qd2 O-O
9.dxc5 Bxc5 10.Bxc5 Nxc5 11.O-O-O Qa5 12.h4 Bd7 13.Rh3 Rfc8 14.Rg3 Nb4 15.Kb1 Ne4  0-1

[Event "ch-Euro Youth g16"]
[Site "Albena BUL"]
[Date "2011.09.15"]
[Round "5.8"]
[White "Visanescu,D"]
[Black "Leks,M"]
[Result "0-1"]
[WhiteElo "2010"]
[BlackElo "2108"]

1.e4 e6 2.d4 d5 3.Nc3 Nf6 4.e5 Nfd7 5.f4 c5 6.Nf3 Nc6 7.Be3 a6 8.Be2 Qc7
9.O-O b6 10.Kh1 Bb7 11.a3 Be7 12.f5 O-O-O 13.b4 cxd4 14.fxe6 fxe6 15.Nxd4 Nxd4
16.Bxd4 Nxe5 17.Na4 Nd7 18.Rf7 Rde8 19.Qg1 e5 20.Nxb6+ Nxb6 21.Bxb6 Qc3 22.Ba7 h5
23.b5 a5 24.Raf1 g6 25.R7f3 Qc7 26.b6 Qc5 27.Rb1 Ref8 28.Rb5 Qd4 29.c3 Qh4
30.Qd1 Rxf3 31.Bxf3 e4 32.g3 Qf6 33.Bg2 Qc6 34.c4 Qxc4 35.Rb2 Kd8 36.Rc2 Qd3
37.Rd2 Qc4 38.Bb8 Rf8 39.Rd4 Qc8 40.Bc7+ Ke8 41.Qa4+ Kf7 42.Qxa5 Qe6 43.Bf4 Ra8
44.Qb5 Rxa3 45.Qf1 Qf6 46.Rd1 Rb3 47.Qe2 Qb2 48.Bd2 Rxb6 49.Rf1+ Rf6 50.Rxf6+ Qxf6
51.Bf4 Qa1+ 52.Bf1 Bc8 53.Qb5 Qd1 54.Kg2 Bg4 55.h4 Qc2+  0-1

[Event "WGM Pancevo"]
[Site "Pancevo SRB"]
[Date "2011.09.15"]
[Round "7.2"]
[White "Benderac,A"]
[Black "Vojinovic,J"]
[Result "1/2-1/2"]
[WhiteElo "2311"]
[BlackElo "2299"]

1.e4 e6 2.d4 d5 3.Nc3 Nf6 4.e5 Nfd7 5.f4 c5 6.Nf3 Nc6 7.Be3 Be7 8.Qd2 b6
9.Bb5 Ndb8 10.O-O O-O 11.Qf2 cxd4 12.Nxd4 Nxd4 13.Bxd4 Qc7 14.Rad1 Nc6 15.Ne2 Nxd4
16.Nxd4 a6 17.Bd3 g6 18.Kh1 Bd7 19.Qe3 b5 20.Qh3 Bc5 21.Nf3 Kg7 22.Qg3 b4
23.h4 Bb5 24.h5 Bxd3 25.cxd3 f6 26.Rc1 Qe7 27.d4 Ba7 28.f5 Bb8 29.fxg6 h6
30.Rc6 fxe5 31.dxe5 Rf5 32.Qh3 Qd7 33.g4 Rf4 34.Nd4 Rxf1+ 35.Qxf1 Bxe5 36.Nxe6+ Kg8
37.Nc5 Qe7 38.Qf7+ Qxf7 39.gxf7+ Kxf7 40.Rxh6 Rg8 41.Nd3 Bd4 42.Rd6 Rxg4
43.Rxd5 Re4 44.b3 Bc3 45.Ra5 Kg7 46.Kg2 Rh4 47.Nc5 Be5 48.Nxa6 Kf6 49.h6 Bd6
50.Nc5 Rxh6 51.Ne4+ Ke7 52.Ra7+ Kd8 53.Ra6 Rh2+ 54.Kf3 Be5 55.Nc5 Bc3 56.Ke4 Rh5
57.Ra5 Ke7 58.Kd3 Rh4 59.Ra6 Rd4+ 60.Ke3 Rh4 61.Ne4 Rh3+ 62.Kf4 Rh4+ 63.Kf5 Rh5+
64.Kg4 Rh2 65.Nd6 Ke6 66.Nc4+ Kd5 67.Kf3 Rh3+ 68.Ke2 Bd4 69.Ra5+ Bc5 70.Nd2 Re3+
71.Kd1 Kd4 72.Nc4 Rh3 73.Ke2 Rh2+ 74.Kf3 Rh3+ 75.Kg4 Rh2 76.Kf5 Rh5+ 77.Ke6 Kc3
78.Kd7 Rh7+ 79.Kc6 Bd4 80.Ra4 Rh6+  1/2-1/2

[Event "5th ch-Euro IBCA"]
[Site "Rhodes GRE"]
[Date "2011.09.15"]
[Round "9.31"]
[White "Papadopoulos,C"]
[Black "Benkunskiene,V"]
[Result "0-1"]
[WhiteElo "1846"]
[BlackElo "1543"]

1.e4 e6 2.d4 d5 3.Nc3 Nf6 4.e5 Nfd7 5.Nf3 Be7 6.g3 c5 7.Ne2 cxd4 8.Nexd4 O-O
9.Bg2 Nc6 10.Nxc6 bxc6 11.O-O c5 12.c3 Bb7 13.Re1 Rb8 14.h4 h6 15.Nh2 Qc7
16.Qh5 f5 17.exf6 Rxf6 18.Qe2 e5 19.Ng4 Re6 20.Bf3  0-1

[Event "ch-Euro Youth g18"]
[Site "Albena BUL"]
[Date "2011.09.17"]
[Round "6.12"]
[White "Kolomaznikova,B"]
[Black "Batkovskyte,D"]
[Result "0-1"]
[WhiteElo "1985"]
[BlackElo "2092"]

1.e4 e6 2.d4 d5 3.Nc3 Nf6 4.e5 Nfd7 5.f4 c5 6.Nf3 Nc6 7.Be3 Be7 8.Qd2 O-O
9.O-O-O c4 10.Qf2 b5 11.Kb1 b4 12.Ne2 Qa5 13.Qe1 Rb8 14.Ng3 Nb6 15.Nh5 Na4
16.Qg3 g6 17.Nf6+ Bxf6 18.exf6 Nc3+ 19.Kc1 Qxa2  0-1

[Event "ch-Euro Youth g16"]
[Site "Albena BUL"]
[Date "2011.09.17"]
[Round "6.24"]
[White "Nevioselaya,M"]
[Black "Johnova,Eliska"]
[Result "1-0"]
[WhiteElo "1989"]
[BlackElo "1770"]

1.e4 e6 2.d4 d5 3.Nc3 Nf6 4.e5 Nfd7 5.f4 c5 6.Nf3 Nc6 7.Be3 cxd4 8.Nxd4 Bc5
9.Na4 Qe7 10.Nxc5 Nxc5 11.Bb5 Bd7 12.O-O O-O 13.Be2 Ne4 14.c3 f6 15.exf6 Rxf6
16.Nb3 Raf8 17.Bf3 Nd6 18.g3 b6 19.Qe2 Nf5 20.Bf2 Rh6 21.Rae1 Qd8 22.Qd3 Kh8
23.Bd4 a5 24.Bf2 a4 25.Nd2 g5 26.fxg5 Rg6 27.h4 Rg7 28.Bg2 Qc7 29.g4 Nd6
30.Bg3 Re8 31.Bxd5 exd5 32.Rxe8+ Bxe8 33.Rf8+ Rg8 34.Rxg8+ Kxg8 35.Qxd5+ Bf7
36.Qxd6 Qc8 37.Ne4 Bxa2 38.Qh6 Kh8 39.Nf6 Bg8 40.g6 Qb7 41.Nh5  1-0

[Event "4th Mumbai Mayors Cup"]
[Site "Mumbai IND"]
[Date "2011.09.17"]
[Round "3"]
[White "Zak,Uri2"]
[Black "Rathnakaran,K"]
[Result "0-1"]
[WhiteElo "2249"]
[BlackElo "2386"]

1.e4 e6 2.d4 d5 3.Nc3 Nf6 4.e5 Nfd7 5.f4 a6 6.Nf3 c5 7.Be3 b5 8.dxc5 Bxc5
9.Bxc5 Nxc5 10.Qd4 Qe7 11.Qe3 Bb7 12.Ne2 Nbd7 13.Ned4 O-O 14.Bd3 f5 15.O-O Ne4
16.Ng5 Nxg5 17.fxg5 g6 18.h4 Rae8 19.a4 bxa4 20.Rxa4 Nc5 21.Ra5 Ne4 22.Nb3 Qc7
23.Qd4 f4 24.Bxe4 dxe4 25.Rc5 Qf7 26.Na5 Ba8 27.Nc4 f3 28.g3 Qf5 29.Kh2 f2
30.Ne3 Qf3 31.Rc3 Rd8 32.Qa7 Rf7 33.Qxa6 Re8 34.Nd5 e3 35.Nxe3 Bb7 36.Qa4 Rc8
37.Rxc8+ Bxc8 38.Qd4 Bb7 39.c4 Be4 40.b4 h6 41.gxh6 Kh7 42.b5 g5 43.Qd8 Qxe3
44.hxg5 Qf3 45.g6+ Kxg6 46.Qg8+ Kxh6 47.Qh8+ Rh7  0-1

[Event "4th Mumbai Mayors Cup"]
[Site "Mumbai IND"]
[Date "2011.09.19"]
[Round "5"]
[White "Sengupta,D"]
[Black "Jaiswal,P"]
[Result "1-0"]
[WhiteElo "2572"]
[BlackElo "2284"]

1.e4 e6 2.d4 d5 3.Nc3 Nf6 4.e5 Nfd7 5.f4 c5 6.Nf3 Nc6 7.Be3 a6 8.Qd2 b5 9.a3 Bb7
10.Be2 Qb6 11.Nd1 cxd4 12.Nxd4 Bc5 13.c3 Bxd4 14.Bxd4 Nxd4 15.cxd4 Nb8 16.Ne3 Nc6
17.Rd1 Na5 18.f5 Nc4 19.Qc3 Rc8 20.Bxc4 dxc4 21.O-O Rc7 22.Kh1 Bd5 23.Nxd5 exd5
24.Qg3 g6 25.e6 O-O 26.fxg6 hxg6 27.Rf6 fxe6 28.Rxg6+ Kh7 29.Qg5  1-0

[Event "Caissa GM Sept 2011"]
[Site "Kecskemet HUN"]
[Date "2011.09.21"]
[Round "5.2"]
[White "Antal,T"]
[Black "Fodor,T jr"]
[Result "0-1"]
[WhiteElo "2286"]
[BlackElo "2476"]

1.e4 e6 2.d4 d5 3.Nc3 Nf6 4.e5 Nfd7 5.f4 c5 6.Nf3 Nc6 7.Be3 a6 8.Qd2 b5 9.a3 Bb7
10.Bd3 Qb6 11.Qf2 O-O-O 12.O-O g6 13.a4 b4 14.Nd1 c4 15.Be2 Be7 16.b3 c3
17.g4 Rdg8 18.Qg3 a5 19.Nf2 Ba6 20.Bxa6+ Qxa6 21.Rae1 Bd8 22.Nd3 Bb6 23.Kh1 Qa7
24.Qg1 Ne7 25.Kg2 Nb8 26.Qf2 Nbc6 27.Rh1 h6 28.h3 Rf8 29.Nc1 f6 30.exf6 Rxf6
31.Ne2 Rhf8 32.h4 e5 33.g5 hxg5 34.hxg5 R6f7 35.Rh4 Nf5 36.Rg4 exd4 37.Nexd4 Bxd4
38.Nxd4 Ncxd4 39.Rd1 Nxe3+ 40.Qxe3 Qd7 41.f5 Nxf5 42.Qc5+ Qc7 43.Rxd5 Ne3+
44.Qxe3 Rf2+ 45.Qxf2 Rxf2+ 46.Kxf2 Qf7+  0-1

[Event "Campomanes Mem GM"]
[Site "Yangon MYA"]
[Date "2011.09.28"]
[Round "12"]
[White "Htun Htun Than"]
[Black "Goh Weiming"]
[Result "1-0"]
[WhiteElo "2363"]
[BlackElo "2449"]

1.e4 e6 2.d4 d5 3.Nc3 Nf6 4.e5 Nfd7 5.f4 c5 6.Nf3 Nc6 7.Be3 Be7 8.Qd2 O-O
9.Bd3 a6 10.O-O b5 11.dxc5 Bxc5 12.Bxc5 Nxc5 13.Qf2 Qe7 14.Bxh7+ Kh8 15.Ng5 g6
16.Qh4 Kg7 17.Bxg6 Rh8 18.Bh5 Kf8 19.Qg4 Qa7 20.Kh1 Nd4 21.b4 Na4 22.Nxa4 bxa4
23.Bxf7 Ke7 24.Bg6 Bd7 25.Nf7 Rhg8 26.Qg5+ Kf8 27.Nh6 Rxg6 28.Qxg6 Bc8 29.f5  1-0

[Event "8th Highlands Open"]
[Site "Zdar nad Sazavou CZE"]
[Date "2011.09.28"]
[Round "5"]
[White "Svoboda,I"]
[Black "Horyna,J"]
[Result "1-0"]
[WhiteElo "2006"]
[BlackElo "1888"]

1.e4 e6 2.d4 d5 3.Nc3 Nf6 4.e5 Nfd7 5.f4 c5 6.Nf3 Nc6 7.Be3 a6 8.Qd2 Nxd4
9.Nxd4 cxd4 10.Bxd4 Bc5 11.O-O-O Bxd4 12.Qxd4 Qb6 13.Qxb6 Nxb6 14.Bd3 Bd7
15.Rhe1 Rc8 16.Ne2 O-O 17.Nd4 Rc7 18.g4 Na4 19.Re3 Nc5 20.g5 b5 21.Rh3 Nxd3+
22.Rdxd3 f5 23.Rc3 Rfc8 24.Rxc7 Rxc7 25.Rc3 Rxc3 26.bxc3 Kf7 27.Kd2 Kg6 28.Ke3 Kh5
29.Kf3 h6 30.gxh6 Kxh6 31.Kg3 g5 32.fxg5+ Kxg5 33.h4+ Kh5 34.Ne2 a5 35.Nf4+ Kh6
36.a3 Bc8 37.Kf2 Kg7 38.Ke3 Kf7 39.Kd4 Bd7 40.Kc5 Ke7 41.h5 Be8 42.h6 Kf7
43.Nh5 Kg6 44.h7 Kxh7 45.Nf6+ Kg6 46.Nxe8 f4 47.Kd4 f3 48.Ke3 Kf5 49.Nd6+ Kxe5
50.Nxb5 Kf5 51.Nd4+ Kf6 52.Nxf3 e5 53.c4 dxc4 54.Ke4  1-0

[Event "Tatry Open"]
[Site "Tatranske Zruby SVK"]
[Date "2011.09.29"]
[Round "6.3"]
[White "Talla,V"]
[Black "Ruckschloss,K"]
[Result "1/2-1/2"]
[WhiteElo "2399"]
[BlackElo "2290"]

1.e4 e6 2.d4 d5 3.Nc3 Nf6 4.e5 Nfd7 5.f4 c5 6.Nf3 Nc6 7.Be3 a6 8.Qd2 b5 9.dxc5 Nxc5
10.a3 Qc7 11.Nd4 Bb7 12.Bd3 g6 13.O-O Rc8 14.Nxc6 Qxc6 15.Bd4 Be7 16.Nd1 h5
17.Nf2 Na4 18.c3 Nb6 19.Qe2 Nc4 20.Nh3 Bc5 21.Ng5 Bxd4+ 22.cxd4 Qb6 23.Nf3 Na5
24.Rac1 Rxc1  1/2-1/2

[Event "ch-HUN w 2011"]
[Site "Szeged HUN"]
[Date "2011.10.01"]
[Round "5"]
[White "Rudolf,An"]
[Black "Dudas,E"]
[Result "0-1"]
[WhiteElo "2359"]
[BlackElo "2212"]

1.e4 e6 2.d4 d5 3.Nc3 Nf6 4.e5 Nfd7 5.f4 c5 6.Nf3 Nc6 7.Be3 a6 8.Qd2 b5 9.dxc5 Bxc5
10.O-O-O Qb6 11.Bxc5 Qxc5 12.Ne2 b4 13.Ned4 Nxd4 14.Nxd4 O-O 15.h4 a5 16.h5 a4
17.Kb1 Qb6 18.Rh3 Nc5 19.Bd3 Bd7 20.Rg3 Kh8 21.Qe3 Nxd3 22.Rxd3 Qa6 23.Rg4 h6
24.Rh4 Rfc8 25.g4 Bb5 26.Rd1 Bc4 27.Rh2 Bxa2+ 28.Kxa2 b3+ 29.Kb1 a3 30.Nxb3 axb2
31.Kxb2 Qa3+ 32.Kb1 Rc4 33.Rd4 Rc7 34.Qd2 Qa2+ 35.Kc1 Qxb3 36.Qd3 Ra1+ 37.Kd2 Qb1
38.Ke3 Qg1+ 39.Rf2 Qxg4 40.Rb4 Re1+ 41.Re2 Qg1+ 42.Kf3 Rf1+  0-1

[Event "Tatry Open"]
[Site "Tatranske Zruby SVK"]
[Date "2011.10.01"]
[Round "8.8"]
[White "Talla,V"]
[Black "Bombek,P"]
[Result "1-0"]
[WhiteElo "2399"]
[BlackElo "2179"]

1.e4 e6 2.d4 d5 3.Nc3 Nf6 4.e5 Nfd7 5.Nce2 c5 6.c3 cxd4 7.cxd4 Bb4+ 8.Bd2 Nc6
9.f4 Qa5 10.Nf3 Bxd2+ 11.Qxd2 Qxd2+ 12.Kxd2 b6 13.Nc3 a6 14.Rc1 Bb7 15.Bd3 g6
16.g4 Ne7 17.f5 gxf5 18.gxf5 exf5 19.Nh4 Rg8 20.Nxf5 Nxf5 21.Bxf5 Rg2+ 22.Ne2 h6
23.Bh3 Rg6 24.Rc7 Bc6 25.e6  1-0

[Event "FSGM Oct"]
[Site "Budapest HUN"]
[Date "2011.10.02"]
[Round "2"]
[White "Kislik,E"]
[Black "Szablowski,P"]
[Result "1/2-1/2"]
[WhiteElo "2320"]
[BlackElo "2420"]

1.e4 e6 2.d4 d5 3.Nc3 Nf6 4.e5 Nfd7 5.f4 c5 6.Nf3 Nc6 7.Be3 cxd4 8.Nxd4 Bc5
9.Qd2 O-O 10.O-O-O Nxd4 11.Bxd4 a6 12.Bxc5 Nxc5 13.Qd4 b6 14.Bd3 Bb7 15.Rhe1 Rc8
16.Kb1 Qe7 17.g4 Qh4 18.g5 b5 19.Rf1 Rfd8 20.a3 g6 21.Ne2 Qh3 22.Qg1 d4 23.Nxd4 Rd7
24.Rfe1 Rcd8 25.Re3 Qh4 26.Ne2 Be4 27.Qg3 Qh5 28.Nc3 Bxd3 29.cxd3 Rd4 30.Rd2 b4
31.axb4 Rxb4 32.Qf2 Rbd4 33.Qg3 a5 34.Kc2 Rc8 35.Kb1 Nb3 36.Rde2 Kh8 37.Re1 Rc7
38.Ka2 Nc5 39.Kb1 Rc8 40.Ka2 Rcd8 41.Rd1 a4 42.Rf3 a3 43.bxa3 Rb8 44.Rb1 Rbd8
45.Rd1 Rc8 46.Qg2 Na4 47.Nxa4 Rxa4 48.Rb1 Qh4 49.Qg3 Qh5 50.Qg2 Rc3 51.Rb3 Rc1
52.Rb4 Ra7 53.Qh3 Rc2+ 54.Rb2 Rc3 55.Rb3 Rc2+ 56.Rb2 Rc3 57.Rb3  1/2-1/2

[Event "Belgrade Premier League 2011"]
[Site "Belgrade SRB"]
[Date "2011.10.04"]
[Round "4.2"]
[White "Sarenac,I"]
[Black "Skaric,D"]
[Result "1-0"]
[WhiteElo "2294"]
[BlackElo "2259"]

1.e4 e6 2.d4 d5 3.Nc3 Nf6 4.e5 Nfd7 5.f4 c5 6.Nf3 Nc6 7.Ne2 Qb6 8.c3 cxd4
9.Nexd4 Be7 10.Bd3 Nc5 11.Bc2 Bd7 12.O-O Ne4 13.Qe2 Nxd4 14.Nxd4 Bc5 15.Rd1 O-O-O
16.a4 a5 17.Rb1 f6 18.Be3 g5 19.Bxe4 gxf4 20.b4 fxe3 21.bxc5 Qxc5 22.Bd3 fxe5
23.Ba6 Rdf8 24.Rxb7 Kd8 25.Bb5 exd4 26.Rxd7+ Kc8 27.cxd4 Qc3 28.Qe1  1-0

[Event "FSGM Oct"]
[Site "Budapest HUN"]
[Date "2011.10.05"]
[Round "5"]
[White "Feher,Ad"]
[Black "Kislik,E"]
[Result "1/2-1/2"]
[WhiteElo "2342"]
[BlackElo "2320"]

1.e4 e6 2.d4 d5 3.Nc3 Nf6 4.e5 Nfd7 5.f4 c5 6.Nf3 Nc6 7.Be3 a6 8.Qd2 b5 9.a3 Qb6
10.Ne2 c4 11.g4 h5 12.gxh5 Rxh5 13.Ng3 Rh8 14.h4 b4 15.axb4 Bxb4 16.c3 Bf8
17.f5 exf5 18.Nxf5 Nf6 19.Ng3 Ng4  1/2-1/2

[Event "20th TCh-CRO 1a"]
[Site "Sibenik CRO"]
[Date "2011.10.05"]
[Round "2.4"]
[White "Naiditsch,A"]
[Black "Grachev,B"]
[Result "1/2-1/2"]
[WhiteElo "2707"]
[BlackElo "2682"]

1.e4 e6 2.d4 d5 3.Nc3 Nf6 4.e5 Nfd7 5.f4 c5 6.Nf3 Nc6 7.Be3 cxd4 8.Nxd4 Bc5
9.Qd2 O-O 10.O-O-O Bxd4 11.Bxd4 Qa5 12.h4 Rb8 13.Kb1 b5 14.Ne2 b4 15.Nc1 Nxd4
16.Qxd4 Nc5 17.h5 Bd7 18.h6 g6 19.Nb3 Nxb3 20.axb3 Rfc8 21.f5 Qc5 22.Qxc5 Rxc5
23.fxg6 fxg6 24.Rh4 a5 25.Rf4 Rf8 26.g3 Rxf4 27.gxf4 Kf7 28.Kc1 Bb5 29.Kd2 Bxf1
30.Rxf1 Rb5 31.Ra1 Ke7 32.Ke3 Kd7 33.Kd4 Kc6 34.c4 bxc3 35.bxc3 Kb6 36.Ra3 Rc5
37.c4 dxc4 38.bxc4 Rc7 39.Rb3+ Kc6 40.Rb8 Rf7 41.Rc8+ Kb6 42.Rb8+ Kc6 43.Rc8+ Kb6
44.Rb8+  1/2-1/2

[Event "ch-HUN w 2011"]
[Site "Szeged HUN"]
[Date "2011.10.05"]
[Round "9"]
[White "Papp,Petra"]
[Black "Dudas,E"]
[Result "1/2-1/2"]
[WhiteElo "2256"]
[BlackElo "2212"]

1.e4 e6 2.d4 d5 3.Nc3 Nf6 4.e5 Nfd7 5.f4 c5 6.Nf3 Nc6 7.Be3 a6 8.Qd2 b5 9.dxc5 Bxc5
10.Bd3 Qb6 11.Bf2 Bxf2+ 12.Qxf2 Qxf2+ 13.Kxf2 O-O 14.Rhe1 Nc5 15.g3 b4 16.Ne2 a5
17.Ned4 Nxd4 18.Nxd4 Ba6 19.Ke3 Rfc8 20.g4 g6 21.h4 Kf8 22.h5 Bxd3 23.cxd3 a4
24.Rh1 Ke7 25.g5 b3 26.a3 Nd7 27.Rac1 gxh5 28.Rxc8 Rxc8 29.Rxh5 Nf8 30.Rh1 Kd7
31.Kd2 Rc5 32.Rc1 Rxc1 33.Kxc1 Ng6 34.Ne2 d4 35.Kd2 Kc7 36.Ke1 Kb6 37.Kf2 Kc5
38.Kf3 Nh4+ 39.Kf2 Nf5 40.Ng3 Ne3 41.Ne4+ Kc6 42.Nf6 Nc2 43.Nxh7 Nxa3 44.f5 Nb5
45.g6 fxg6 46.fxg6 a3 47.bxa3 b2 48.g7 b1=Q 49.g8=Q Qc2+ 50.Kg1 Qd1+ 51.Kg2 Qe2+
52.Kg1 Qxe5 53.Qa8+ Kb6 54.Nf8 Qg3+  1/2-1/2